[Event "Porto Sant Elpidio op-B 6th"]
[Site "Porto Sant Elpidio"]
[Date "2003.11.15"]
[Round "1"]
[White "Cecannecchia, Gianluca"]
[Black "Perogio, Lorenzo"]
[Result "0-1"]
[WhiteElo "1477"]
[BlackElo "1666"]
[PlyCount "79"]
[EventDate "2003.11.15"]
[EventType "swiss"]
[EventRounds "6"]
[EventCountry "ITA"]
[SourceTitle "EXT 2024"]
[Source "ChessBase"]
[SourceDate "2023.10.10"]
[SourceVersion "1"]
[SourceVersionDate "2023.10.10"]
[SourceQuality "1"]

1. e4 e5 2. Nf3 Nc6 3. Bc4 Nf6 4. d3 Be7 5. 0-0 0-0 6. Be3 d6 7. Nbd2 Na5 8. c3 Nxc4 9. Nxc4 Re8 10. Ncd2 Bf8 11. h3 b6 12. Qc2 Bb7 13. Rfe1 c5 14. Bg5 g6 15. Rac1 Bg7 16. Nc4 Qc7 17. a3 d5 18. Ncd2 Nd7 19. Re2 c4 20. Rce1 cxd3 21. Qxd3 Nc5 22. Qc2 dxe4 23. Nh2 f5 24. Nb3 Ne6 25. Bc1 Ba6 26. Rd2 Bd3 27. Rxd3 exd3 28. Qxd3 Rad8 29. Qe2 e4 30. Nf1 Rd3 31. Rd1 Red8 32. Rxd3 Rxd3 33. f3 Nf4 34. Bxf4 Qxf4 35. Nfd2 Be5 36. Nf1 Rd7 37. Nbd2 Bc7 38. Qc4+ Kg7 39. Qe2 exf3 40. Nxf3 0-1

[Event "Porto Sant Elpidio op-B 5th"]
[Site "Porto Sant Elpidio"]
[Date "2002.11.02"]
[Round "1"]
[White "Cecannecchia, Gianluca"]
[Black "Morici, Marco"]
[Result "1/2-1/2"]
[WhiteElo "1495"]
[BlackElo "1621"]
[PlyCount "90"]
[EventDate "2002.11.02"]
[EventType "swiss"]
[EventRounds "6"]
[EventCountry "ITA"]
[SourceTitle "EXT 2024"]
[Source "ChessBase"]
[SourceDate "2023.10.10"]
[SourceVersion "1"]
[SourceVersionDate "2023.10.10"]
[SourceQuality "1"]

1. e4 e6 2. d4 d5 3. exd5 exd5 4. Nf3 Nf6 5. Be2 Be7 6. 0-0 0-0 7. h3 Nc6 8. Bg5 Ne4 9. Bxe7 Qxe7 10. Re1 Qb4 11. b3 Be6 12. a3 Qd6 13. Nbd2 Nc3 14. Qc1 Qf4 15. Nf1 Nxe2+ 16. Rxe2 Nxd4 17. Nxd4 Qxd4 18. Ne3 c5 19. Qd1 Qxd1+ 20. Rxd1 d4 21. Nf1 Rad8 22. Red2 b6 23. f3 h6 24. Ng3 g6 25. Kf2 Rd7 26. b4 Rfd8 27. Ne4 Rc7 28. bxc5 bxc5 29. Rb1 f5 30. Ng3 Bc4 31. Nf1 Ba6 32. Rbd1 Rcd7 33. Ng3 c4 34. c3 d3 35. Rb1 Rb7 36. Rb4 Rxb4 37. axb4 Bb5 38. Nf1 Rd6 39. Ra2 Ra6 40. Rxa6 Bxa6 41. Nd2 Kf7 42. Ke3 Ke6 43. Kd4 Kd6 44. f4 Bb7 45. h4 Ba6 1/2-1/2